000 00628nam a2200193Ia 4500
008 151121s9999||||xx |||||||||||||| ||und||
082 _a813/चोरघ
082 _bHNW-7051
100 _aचोरघडे वा।कृ।
245 _aमातीचा माणूस
260 _b"डायमंड बुक स्टॉल, सांगली"
260 _c--
300 _a117
600 _aचोरघडे वा।कृ।
630 _aमातीचा माणूस
700 _aचोरघडे वा।कृ।
730 _aमातीचा माणूस
942 _cBOOK
999 _c1214106
_d1214103